MACLEOD'S CLINICAL EXAMINATION (Record no. 30647)

MARC details
000 -LEADER
fixed length control field 00354nam a22001577a 4500
003 - CONTROL NUMBER IDENTIFIER
control field SGT
020 ## - INTERNATIONAL STANDARD BOOK NUMBER
International Standard Book Number 9780323847711
082 ## - DEWEY DECIMAL CLASSIFICATION NUMBER
Classification number 616.024
Item number M24D
100 ## - MAIN ENTRY--PERSONAL NAME
Personal name DOVER, ANNA R.
245 ## - TITLE STATEMENT
Title MACLEOD'S CLINICAL EXAMINATION
250 ## - EDITION STATEMENT
Edition statement 15TH
260 ## - PUBLICATION, DISTRIBUTION, ETC. (IMPRINT)
Place of publication, distribution, etc LONDON
Name of publisher, distributor, etc ELSEVIER PUB
Year of Publication 2024
300 ## - PAGE DESCRIPTION
No. of Pages 444
650 ## - SUBJECT ADDED ENTRY--TOPICAL TERM
Topical term or geographic name as entry element GENERAL MEDICINE
942 ## - ADDED ENTRY ELEMENTS (KOHA)
Source of classification or shelving scheme Dewey Decimal Classification
Koha item type Books
Holdings
Withdrawn status Lost status Source of classification or shelving scheme Damaged status Not for loan Collection code Home library Current library Shelving location Date acquired Vendor Name Cost, normal purchase price SGTU Bill Number Total Checkouts Full call number Accession No. (Barcode) Date last seen Bill Date Koha item type Date last borrowed
    Dewey Decimal Classification   Not For Loan MEDICAL SGT Medical Library SGT Medical Library Reference Book 11/02/2025 ABC DELHI 2250.00 SGTU 20461   616.024 M24D FM14817 04/04/2025 11/02/2025 Books  
    Dewey Decimal Classification     MEDICAL SGT Medical Library SGT Medical Library Reference Book 11/02/2025 ABC DELHI 2250.00 SGTU 20461 5 616.024 M24D FM14818 20/05/2026 11/02/2025 Books 06/05/2026